000 00853nam a2200205Ii 4500
003 JO-AjNU
008 230605s9999||||xx |||||||||||||| ||und||
017 _a2014/5/2333
040 _aJO-AjNU
_bara
_erda
_cJO-AjNU
041 _aara
050 1 4 _aKMM205.A29.2015
100 3 _aالزعبي، تيسير أحمد,
_eauthor
_949996
245 0 0 _aموسوعة الأردن القانونية : مجموعة التشريعات الحزائية
264 3 1 _aعمان: تيسير احمد المومني، 2014
300 _a432ص
336 _atext
_btxt
_2rdacontent
337 _aunmediated
_bn
_2rdamedia
338 _avolume
_bnc
_2rdacarrier
650 4 _aحقوق مدنية -- قوانين وأنظمة -- الأردن -- القضاء المدني -- الأردن -- الأردن -- قوانين وتشريعات -- دوائر معارف
_949997
999 _aA21995
_c25563
_d25563